000 00426nam a2200181Ia 4500
008 210210b1953 xxu||||| |||| 00| 0 eng d
041 _aeng
082 _a824/75
100 _aCHUTE (M)
245 _aShakespeare and his stage
260 _aLondon
_bUniversity of London Press.,
_c1953
650 _astage
650 _aShakespeare
650 _ahis
650 _aand
690 _aEnglish Criticism
906 _a014029
999 _c133112
_d133112